XVII. mezinárodní kolokvium o regionálních vědách sborník příspěvků

Salvato in:
Dettagli Bibliografici
Enti autori: Mezinárodní kolokvium o regionálních vědách, Ekonomicko-správní fakulta Masarykovy university. Katedra regionální ekonomie a správy
Altri autori: Klímová, Viktorie, Žítek, Vladimír, Lauko, Viliam, Šumpíková, Markéta
Natura: Libro
Lingua:ceco
slovacco
inglese
Pubblicazione: Brno Masarykova univerzita 2014
Soggetti:
Tags: Aggiungi Tag
Nessun Tag, puoi essere il primo ad aggiungerne!!

MARC

LEADER 00000nlm a2200000 4500
001 0195473
005 20240104131053.7
020 |a 978-80-210-6840-7 
041 0 |a cze 
041 0 |a slo 
041 0 |a eng 
044 |a CZ 
245 1 0 |a XVII. mezinárodní kolokvium o regionálních vědách  |b sborník příspěvků  |c editoři/edited by: Viktorie Klímová, Vladimír Žítek ; recenzenti/reviewed by: Viliam Lauko, Markéta Šumpíková 
264 1 |a Brno  |b Masarykova univerzita  |c 2014 
300 |a CD-ROM [929 s.] 
610 2 0 |a rozvoj regionálny 
610 2 0 |a regióny 
610 2 0 |a politika regionálna 
610 2 0 |a Slovensko 
610 2 0 |a Česko 
700 1 |a Klímová, Viktorie 
700 1 |a Žítek, Vladimír 
700 1 |a Lauko, Viliam 
700 1 |a Šumpíková, Markéta 
110 2 |a Mezinárodní kolokvium o regionálních vědách 
710 2 |a Ekonomicko-správní fakulta Masarykovy university. Katedra regionální ekonomie a správy